| 000 | 00499nam a22001577a 4500 | ||
|---|---|---|---|
| 999 |
_c534521 _d534521 |
||
| 020 | _qHard Cover. | ||
| 082 | _a660 | ||
| 100 | _aTariq, Rumasisa | ||
| 245 |
_aThermal Degradaton Behavior of Sewage Sludge in Pyrolysis Processes / _cRumasisa Tariq. |
||
| 260 |
_aIslamabad : _bSCME - NUST, _c2018. |
||
| 300 | _c30cm. | ||
| 942 |
_2ddc _cTHE |
||
| 650 |
_aChemical Engineering - MS Thesis. _916130 |
||
| 700 |
_aDr. Salman Raza Naqvi. _928711 |
||